000 01188njm a22002897a 4500
005 20100920145939.0
006 a|||||r|||||00| 0
007 sd ammalaaahaa
008 100901t xxu||||| |||| 00| 0 eng d
028 _aECLP. 5915
_bEMI
035 _aGR-03904
040 _aSED
_cSED
100 _aMangeshkar, Lata
_917891
245 _aFilm hits-1983 /
_cby Lata Mangeshkar; music by Khaiyyaam; lyric by Jan Nisar Akhtar
_h[Sound recording]
246 _aफिल्म हिट्स-1983 / लता मंगेशकर द्वारा
260 _aDum Dum, India
_bEMI
_c1983
300 _a1 Sound disc [Gramophone Recording] :
_banalog, 33 1/3 rpm
_c12 in. (LP)
_fGramophone Record
500 _aBrief record
500 _aRecord Labels : EMI, Red
505 _aSide-1 (Aye dil-e-nadan-Razia Sultan) (Lata Mangeshkar) --Side-2 (Jab ham jawan honge-betaab) (Lata Mangeshkar [and] Shabbir Kumar)
600 _aMangeshkar, Lata
_919718
650 _aFilm songs
_xExcerpts
_zIndia
_917892
700 _aKhaiyyaam
_920083
700 _aJan Nisar Akhtar
_920811
942 _2ddc
_cGR
999 _c47058
_d47058